000 00920nam a22003377a 4500
001 BR9802897
003 BR-BrBNA
005 20230928095935.0
007 ta
008 230509b bl.||||| |||| 00| 0 por d
040 _aBR-BrBNA
_bpor
_cBiblioteca Nacional de Agricultura
041 _a(Por)
072 _aM12
_b8520
090 _ 8520 BR9802897
110 1 _aServico Brasileiro de Apoio as Micro e Pequenas Empresas, Rio de Janeiro, RJ (Brasil)
_99282
245 1 _aComo criar ras
_bSerie Agronegocios
250 1 _a2. ed.
260 3 _aRio de Janeiro, RJ (Brasil):
_c1996.
300 _a76 p.
500 _a40 ref.; 16 illus.
650 _aRa
650 _aCriacao
650 _aReproducao Animal
650 _aMelhoramento Genetico Animal
650 _aRanario
650 _aManejo
650 _aComercializacao
650 _aCulinaria
909 _a202309
_bLucia
_c55
_dLucia Elande
942 _cBK
999 _c59524
_d59524